000 00625nam a2200217Ia 4500
005 20250508165016.0
008 008 250505s9999 xx 000 0 eng d
020 _a0-697-14104-7
037 _aTextual
040 _aFEDL
_beng
_cFEDL
041 _aeng
_2eng
084 _a294.6, PUR
_qFEDL
100 _aPuri Sunita
_954232
245 0 _aAdvent of sikh religion: A socio-political perspective
260 _aNew Delhi, India
_bMunshiram Manoharlal Publishers Pvt Ltd.
_c1993
300 _axx,251p.
365 _aINR
_b250
546 _aMACESE
942 _cTEXL
_h294.6, PUR
999 _c1392629
_d1392629